[Event "Canarias-chT Honor"]
[Site "Spain"]
[Date "2020.02.15"]
[Round "6.4"]
[White "Morales Camacho, Julian"]
[Black "Guillermo Gonzalez, Alvaro"]
[Result "1/2-1/2"]
[WhiteElo "2211"]
[BlackElo "2074"]
[PlyCount "120"]
[EventDate "2020.01.11"]
[EventType "team-tourn"]
[EventRounds "9"]
[EventCountry "ESP"]
[SourceTitle "CBM 195 Extra"]
[Source "ChessBase"]
[SourceDate "2020.05.31"]
[SourceVersion "1"]
[SourceVersionDate "2020.05.31"]
[SourceQuality "1"]
[WhiteTeam "Lanzaloe"]
[BlackTeam "Fundacion La Caja de Canarias"]
[WhiteTeamCountry "ESP"]
[BlackTeamCountry "ESP"]

1. d4 Nf6 2. c4 g6 3. Nc3 Bg7 4. e4 d6 5. h3 0-0 6. Be3 e5 7. d5 Na6 8. Nf3 Ne8 9. a3 f5 10. b4 Nf6 11. Qc2 Qe7 12. 0-0-0 Bd7 13. Bd3 f4 14. Bd2 c6 15. Kb1 Rab8 16. Bc1 Rfc8 17. Bb2 Nc7 18. Qb3 cxd5 19. cxd5 Qe8 20. Rc1 Na8 21. Nd2 Nb6 22. b5 Qd8 23. a4 Be8 24. Ba3 Bf8 25. Qb2 Nbd7 26. Nb3 Be7 27. Bb4 b6 28. Qa3 Nc5 29. Bxc5 bxc5 30. Bc4 Nd7 31. a5 Nf6 32. f3 Bd7 33. Kc2 Ne8 34. Rb1 Bh4 35. Rhf1 Qg5 36. Nd2 Qd8 37. Kd3 Kg7 38. Rb2 Ra8 39. a6 Rcb8 40. Nb3 Qc8 41. Na5 Bd8 42. Nc6 Bb6 43. Qa4 Nf6 44. Nxb8 Rxb8 45. Qa1 Nh5 46. Rc2 Qd8 47. Na4 Ng3 48. Rb1 Nh5 49. Rb3 Nf6 50. Ra2 Nh5 51. Nc3 Qg5 52. Qc1 Ng3 53. Qe1 Nh5 54. Qd2 Ng3 55. Nb1 Nh5 56. g4 Ng3 57. Qg2 h5 58. Nd2 h4 59. Rab2 Qe7 60. Ra2 g5 1/2-1/2

[Event "Canarias-chT Honor"]
[Site "Spain"]
[Date "2020.02.01"]
[Round "4.4"]
[White "Morales Camacho, Julian"]
[Black "Lagarejos Gonzalez, Eduardo"]
[Result "1/2-1/2"]
[WhiteElo "2211"]
[BlackElo "1907"]
[PlyCount "58"]
[EventDate "2020.01.11"]
[EventType "team-tourn"]
[EventRounds "9"]
[EventCountry "ESP"]
[SourceTitle "CBM 195 Extra"]
[Source "ChessBase"]
[SourceDate "2020.05.31"]
[SourceVersion "1"]
[SourceVersionDate "2020.05.31"]
[SourceQuality "1"]
[WhiteTeam "Lanzaloe"]
[BlackTeam "Fundacion La Caja de Canarias"]
[WhiteTeamCountry "ESP"]
[BlackTeamCountry "ESP"]

1. c4 f5 2. Nc3 Nf6 3. g3 g6 4. Bg2 Bg7 5. d3 d6 6. e4 Nc6 7. Nge2 0-0 8. 0-0 Qe8 9. Nd5 Nxd5 10. cxd5 Nd4 11. Nxd4 Bxd4 12. Qc2 fxe4 13. dxe4 Bg4 14. Qd3 Bb6 15. Be3 Qd7 16. a4 Bf3 17. Bh6 Bxg2 18. Kxg2 Rf7 19. a5 Bc5 20. Rab1 Bb4 21. a6 bxa6 22. Qxa6 Bc5 23. b4 Bb6 24. Qd3 e6 25. b5 Re8 26. f3 exd5 27. Qxd5 Re5 28. Qa8+ Re8 29. Qd5 Re5 1/2-1/2

[Event "Lanzarote-chT"]
[Site "Arrecife de Lanzarote"]
[Date "2019.03.23"]
[Round "5.2"]
[White "Morales Camacho, Julian"]
[Black "Ramos Santana, Marcelino"]
[Result "1-0"]
[WhiteElo "2192"]
[BlackElo "1864"]
[PlyCount "75"]
[EventDate "2019.03.08"]
[EventType "team-tourn"]
[EventRounds "6"]
[EventCountry "ESP"]
[SourceTitle "EXT 2021"]
[Source "ChessBase"]
[SourceDate "2020.10.23"]
[SourceVersion "1"]
[SourceVersionDate "2020.10.23"]
[SourceQuality "1"]
[WhiteTeam "El Tablero de Guanapay"]
[BlackTeam "Sociedad Democracia"]
[WhiteTeamCountry "ESP"]
[BlackTeamCountry "ESP"]

1. Nf3 Nf6 2. d4 c5 3. d5 g6 4. Nc3 d6 5. e4 Bg7 6. Be2 0-0 7. 0-0 Na6 8. Re1 Nc7 9. h3 a6 10. a4 Rb8 11. a5 Re8 12. Bf4 b5 13. axb6 Rxb6 14. Ra2 h6 15. Nd2 Nb5 16. Ncb1 g5 17. Bh2 Kh8 18. c3 Rg8 19. Nc4 Rb8 20. Nbd2 Nc7 21. g4 Bd7 22. f3 Bf8 23. Nf1 h5 24. Nfe3 Bb5 25. Qd2 Na8 26. Na5 Qc8 27. c4 Be8 28. e5 Nd7 29. exd6 exd6 30. Nc6 Rb6 31. Nf5 Qc7 32. Bd3 Rxc6 33. Rxe8 Ne5 34. Rxe5 dxe5 35. dxc6 Qxc6 36. Be4 Qe8 37. Qd5 Nb6 38. Qxe5+ 1-0

[Event "Lanzarote-chT"]
[Site "Arrecife de Lanzarote"]
[Date "2019.03.10"]
[Round "3.2"]
[White "Morales Camacho, Julian"]
[Black "Perez Aleman, Pedro Tomas"]
[Result "1-0"]
[WhiteElo "2192"]
[BlackElo "2081"]
[PlyCount "109"]
[EventDate "2019.03.08"]
[EventType "team-tourn"]
[EventRounds "6"]
[EventCountry "ESP"]
[SourceTitle "EXT 2021"]
[Source "ChessBase"]
[SourceDate "2020.10.23"]
[SourceVersion "1"]
[SourceVersionDate "2020.10.23"]
[SourceQuality "1"]
[WhiteTeam "El Tablero de Guanapay"]
[BlackTeam "La Cochinilla Democracia"]
[WhiteTeamCountry "ESP"]
[BlackTeamCountry "ESP"]

1. Nf3 d5 2. c4 e6 3. g3 f5 4. Bg2 Nf6 5. 0-0 Be7 6. b3 0-0 7. Bb2 c6 8. d3 Ng4 9. Nbd2 Bf6 10. d4 Nd7 11. Qc2 Be7 12. Ne5 Ndxe5 13. dxe5 Bd7 14. c5 Qc7 15. Nf3 Be8 16. Bd4 Bg6 17. Qd2 Rf7 18. e3 Bh5 19. h3 Nh6 20. Ne1 g5 21. Nd3 Raf8 22. f3 Bg6 23. b4 f4 24. g4 Bxd3 25. Qxd3 fxe3 26. Qxe3 Rf4 27. Rf2 a5 28. a3 Ra8 29. Re1 axb4 30. axb4 Nf7 31. Bf1 Bf8 32. Bd3 Bg7 33. Rfe2 Kh8 34. Bb1 Ra4 35. Qd3 Kg8 36. Qxh7+ Kf8 37. Bc3 d4 38. Bd2 Rxf3 39. Rf1 Raa3 40. Rxf3 Rxf3 41. Kg2 Rb3 42. Bg6 Nxe5 43. Rf2+ Nf3 44. Bd3 Rxd3 45. Qxd3 Qh2+ 46. Kxf3 Qh1+ 47. Ke2+ Kg8 48. Qf3 Qb1 49. Qf7+ Kh7 50. Qxe6 d3+ 51. Ke3 Qg1 52. Qe4+ Kg8 53. Qxd3 Qg3+ 54. Ke2 Qe5+ 55. Kf1 1-0

[Event "Canarias-chT"]
[Site "Vecindario"]
[Date "2018.06.03"]
[Round "6.2"]
[White "Cabrera Ramos, Javier"]
[Black "Morales Camacho, Julian"]
[Result "1-0"]
[WhiteElo "1624"]
[BlackElo "2216"]
[PlyCount "50"]
[EventDate "2018.05.31"]
[EventType "team-swiss"]
[EventRounds "6"]
[EventCountry "ESP"]
[SourceTitle "EXT 2024"]
[Source "ChessBase"]
[SourceDate "2023.10.10"]
[SourceVersion "1"]
[SourceVersionDate "2023.10.10"]
[SourceQuality "1"]
[WhiteTeam "Panaderia Pulido San Mateo"]
[BlackTeam "Tablero de Guanapay"]
[WhiteTeamCountry "ESP"]
[BlackTeamCountry "ESP"]

1. Nf3 g6 2. d4 Bg7 3. e4 e6 4. Bg5 Ne7 5. Nbd2 h6 6. Bf4 d6 7. Bd3 Nbc6 8. Nb3 a5 9. c3 a4 10. Nbd2 0-0 11. Bb5 a3 12. b3 g5 13. Be3 f5 14. Bxg5 hxg5 15. Nxg5 Qe8 16. h4 fxe4 17. Ndxe4 Nd5 18. Qc2 Nxd4 19. cxd4 Qxb5 20. Nc3 Rxf2 21. Qh7+ Kf8 22. Nxb5 Rf6 23. Rf1 Bd7 24. Rxf6+ Nxf6 25. Qg6 Be8 1-0

[Event "Canarias-chT"]
[Site "San Cristobal de La Laguna"]
[Date "2017.06.23"]
[Round "2.2"]
[White "Bressac, Stephane"]
[Black "Morales Camacho, Julian"]
[Result "0-1"]
[WhiteElo "2371"]
[BlackElo "2154"]
[PlyCount "108"]
[EventDate "2017.06.22"]
[EventType "team-swiss"]
[EventRounds "6"]
[EventCountry "ESP"]
[SourceTitle "EXT 2024"]
[Source "ChessBase"]
[SourceDate "2023.10.10"]
[SourceVersion "1"]
[SourceVersionDate "2023.10.10"]
[SourceQuality "1"]
[WhiteTeam "Grandama Santa Lucia"]
[BlackTeam "Tablero de Guanapay"]
[WhiteTeamCountry "ESP"]
[BlackTeamCountry "ESP"]

1. e4 c5 2. Nf3 e6 3. g3 Nc6 4. Bg2 Nf6 5. d3 g6 6. 0-0 Bg7 7. Nbd2 0-0 8. Re1 e5 9. Nc4 d6 10. a4 h6 11. c3 Re8 12. b4 cxb4 13. cxb4 a6 14. Bb2 Nxb4 15. Ba3 b5 16. Bxb4 bxc4 17. dxc4 Bf8 18. a5 Qc7 19. Qd3 Rb8 20. Bd2 Be6 21. c5 Qxc5 22. Rec1 Qb5 23. Bf1 Qb7 24. Re1 Ra8 25. Rab1 Qe7 26. Rb6 Nd7 27. Rb7 Qf6 28. Bb4 Nc5 29. Bxc5 dxc5 30. Qc3 Red8 31. Rb6 c4 32. Bh3 Rd3 33. Qxe5 Rxf3 34. Qxf6 Rxf6 35. e5 Rf5 36. Bxf5 gxf5 37. Reb1 Kg7 38. Kf1 Rc8 39. Ke2 Rc5 40. f4 Rxa5 41. Rc6 Bc5 42. Rb2 Bd5 43. Rc7 c3 44. Rc2 Bd4 45. Kd3 Ra4 46. Ke2 Kg6 47. Rd7 Be4 48. Rxd4 Bxc2 49. Rd6+ Kg7 50. Rc6 Ra3 51. Rc7 Bb3 52. g4 fxg4 53. f5 Ra5 54. f6+ Kg6 0-1

[Event "Canarias-chT"]
[Site "San Cristobal de La Laguna"]
[Date "2017.06.22"]
[Round "1.2"]
[White "Morales Camacho, Julian"]
[Black "Martin Manzanares, Jonathan"]
[Result "1-0"]
[WhiteElo "2154"]
[BlackElo "1310"]
[PlyCount "71"]
[EventDate "2017.06.22"]
[EventType "team-swiss"]
[EventRounds "6"]
[EventCountry "ESP"]
[SourceTitle "EXT 2024"]
[Source "ChessBase"]
[SourceDate "2023.10.10"]
[SourceVersion "1"]
[SourceVersionDate "2023.10.10"]
[SourceQuality "1"]
[WhiteTeam "Tablero de Guanapay"]
[BlackTeam "Roque Niquiomo II"]
[WhiteTeamCountry "ESP"]
[BlackTeamCountry "ESP"]

1. d4 d5 2. Bf4 Nc6 3. e3 g6 4. h3 Bg7 5. Nf3 Bf5 6. Bb5 Qd7 7. Ne5 Bxe5 8. Bxe5 f6 9. Bh2 a6 10. Be2 Nb4 11. Na3 Qa4 12. c3 Qxd1+ 13. Rxd1 Nc2+ 14. Nxc2 Bxc2 15. Rc1 Ba4 16. Bxc7 Bb5 17. g4 Bxe2 18. Kxe2 Rc8 19. Bg3 e6 20. g5 f5 21. Be5 Nf6 22. gxf6 Kf7 23. h4 b5 24. a4 h6 25. axb5 axb5 26. Ra1 Ra8 27. b4 h5 28. Ra5 Rxa5 29. bxa5 Ra8 30. Ra1 Ra6 31. f4 Ke8 32. Kd2 Kd7 33. Kc2 Ra7 34. Kb3 Kc6 35. Kb4 Rb7 36. Rg1 1-0

[Event "Arrecife de Lanzarote op"]
[Site "Arrecife de Lanzarote"]
[Date "2017.06.13"]
[Round "5"]
[White "Gutierrez Olivares, Daniel"]
[Black "Morales Camacho, Julian"]
[Result "1-0"]
[WhiteElo "2326"]
[BlackElo "2154"]
[PlyCount "87"]
[EventDate "2017.06.11"]
[EventType "swiss"]
[EventRounds "9"]
[EventCountry "ESP"]
[SourceTitle "EXT 2018"]
[Source "ChessBase"]
[SourceDate "2017.10.13"]
[SourceVersion "1"]
[SourceVersionDate "2017.10.13"]
[SourceQuality "1"]

1. c4 e5 2. Nc3 Nf6 3. Nf3 Nc6 4. e4 d6 5. g3 g6 6. Bg2 Bg4 7. h3 Bxf3 8. Bxf3 h5 9. d3 Bh6 10. Be3 Nd7 11. Nd5 Bxe3 12. fxe3 Ne7 13. Nc3 c6 14. Qd2 a6 15. 0-0 Ng8 16. b4 Qg5 17. Kh2 Qh6 18. Bg2 Ngf6 19. Rf3 h4 20. g4 Nh7 21. Rf2 0-0 22. Bf3 Ng5 23. Bd1 a5 24. bxa5 Rfd8 25. d4 Rxa5 26. Kg2 Ra7 27. Bb3 Qf8 28. Raf1 Qe7 29. Qc2 Rf8 30. c5 exd4 31. e5 Qxe5 32. Qxg6+ Qg7 33. Qxd6 dxc3 34. Qxd7 Kh8 35. Rf6 Raa8 36. Qxb7 c2 37. Qxc6 Ne6 38. R6f5 Rad8 39. Bxc2 Rd2+ 40. R1f2 Rxf2+ 41. Kxf2 Qc3 42. Qe4 Rd8 43. Rd5 Kg7 44. Rxd8 1-0

[Event "Canarias-chT"]
[Site "Arrecife de Lanzarote"]
[Date "2016.06.23"]
[Round "1.2"]
[White "Morales Camacho, Julian"]
[Black "Rodriguez Falcon, David"]
[Result "0-1"]
[WhiteElo "2199"]
[BlackElo "1774"]
[PlyCount "80"]
[EventDate "2016.06.23"]
[EventType "team-swiss"]
[EventRounds "6"]
[EventCountry "ESP"]
[SourceTitle "EXT 2021"]
[Source "ChessBase"]
[SourceDate "2020.10.23"]
[SourceVersion "1"]
[SourceVersionDate "2020.10.23"]
[SourceQuality "1"]
[WhiteTeam "El Tablero de Guanapay"]
[BlackTeam "Roque Niquiomo"]
[WhiteTeamCountry "ESP"]
[BlackTeamCountry "ESP"]

1. Nf3 d5 2. c4 Bg4 3. Qb3 Bxf3 4. Qxb7 dxc4 5. Qxf3 c6 6. Na3 Qd5 7. e4 Qd4 8. Nxc4 e6 9. Be2 Nf6 10. d3 Bb4+ 11. Kf1 0-0 12. Be3 Qd8 13. Rc1 Nbd7 14. g4 Ne8 15. Qg3 Be7 16. g5 a6 17. Kg2 Rc8 18. h4 f5 19. f3 c5 20. Rc2 Nc7 21. a4 Na8 22. Bd2 Nab6 23. Ba5 Rb8 24. d4 cxd4 25. Nxb6 Nxb6 26. Rc6 fxe4 27. fxe4 d3 28. Bg4 Qd4 29. Rxe6 Qxb2+ 30. Kh3 Bc5 31. g6 Nc4 32. gxh7+ Kh8 33. Bc7 Rb3 34. Bd1 Rc3 35. Qg6 Bf2 36. Rf1 d2+ 37. Kh2 Qa3 38. Bg4 Rc1 39. Be5 Bg3+ 40. Bxg3 Rcxf1 0-1

[Event "Canarias-ch Seniors"]
[Site "Vecindario"]
[Date "2016.05.27"]
[Round "1.1"]
[White "Martin Fernandez, Antonio"]
[Black "Morales Camacho, Julian"]
[Result "0-1"]
[WhiteElo "1799"]
[BlackElo "2199"]
[PlyCount "58"]
[EventDate "2016.05.27"]
[EventType "swiss"]
[EventRounds "6"]
[EventCountry "ESP"]
[SourceTitle "EXT 2024"]
[Source "ChessBase"]
[SourceDate "2023.10.10"]
[SourceVersion "1"]
[SourceVersionDate "2023.10.10"]
[SourceQuality "1"]

1. e4 c5 2. Nf3 d6 3. d4 cxd4 4. Nxd4 Nf6 5. Nc3 a6 6. a4 Nc6 7. Be2 e6 8. 0-0 Bd7 9. Be3 Be7 10. f4 Qc7 11. f5 e5 12. Nf3 Nb4 13. h3 Bc6 14. Bd3 d5 15. exd5 Nbxd5 16. Nxd5 Bxd5 17. Nh2 h5 18. Qd2 e4 19. Be2 Bd6 20. Bf4 Bxf4 21. Rxf4 Qb6+ 22. Kh1 Qxb2 23. Rd1 Rc8 24. Qe3 Qc3 25. Rd3 Qxc2 26. Rxd5 Nxd5 27. Rxe4+ Kf8 28. Qa3+ Qc5 29. Qa2 Nc3 0-1

[Event "Canarias-chT"]
[Site "Vecindario"]
[Date "2015.06.14"]
[Round "6.1"]
[White "Morales Camacho, Julian"]
[Black "Sanchez Quintero, Raul"]
[Result "1-0"]
[WhiteElo "2193"]
[BlackElo "1989"]
[PlyCount "95"]
[EventDate "2015.06.11"]
[EventType "team-swiss"]
[EventRounds "6"]
[EventCountry "ESP"]
[SourceTitle "EXT 2024"]
[Source "ChessBase"]
[SourceDate "2023.10.10"]
[SourceVersion "1"]
[SourceVersionDate "2023.10.10"]
[SourceQuality "1"]
[WhiteTeam "Centro de Ajedrez de Lanzarote"]
[BlackTeam "Sociedad La Montana"]
[WhiteTeamCountry "ESP"]
[BlackTeamCountry "ESP"]

1. Nf3 f5 2. d3 Nf6 3. Bg5 d6 4. Bxf6 gxf6 5. e4 c6 6. Nbd2 Qa5 7. c3 fxe4 8. dxe4 Be6 9. Be2 Bf7 10. a4 Nd7 11. Nc4 Qc7 12. Nd4 0-0-0 13. Ne3 h5 14. b4 e6 15. Qb1 Bh6 16. Nec2 Ne5 17. 0-0 Rdg8 18. c4 Bf4 19. g3 h4 20. Ne1 hxg3 21. hxg3 Rh7 22. Ndf3 Qb6 23. c5 dxc5 24. a5 Qxb4 25. Ng2 Nxf3+ 26. Bxf3 Be5 27. Qc2 Rxg3 28. fxg3 Bd4+ 29. Ne3 Bxe3+ 30. Kg2 Qd2+ 31. Qxd2 Bxd2 32. a6 b5 33. e5 f5 34. Bxc6 b4 35. Ra5 Be3 36. Rb5 Kc7 37. Bf3 Bg6 38. Rb7+ Kc8 39. Rh1 Rxh1 40. Kxh1 f4 41. Rxa7 c4 42. Rb7 b3 43. Rb4 Bd3 44. gxf4 Kd8 45. Kg2 Ke7 46. Bd1 Kf7 47. Kf3 Bg1 48. Be2 1-0

[Event "Canarias-chT"]
[Site "Vecindario"]
[Date "2015.06.12"]
[Round "2.1"]
[White "Rodriguez Brito, Guillermo A"]
[Black "Morales Camacho, Julian"]
[Result "0-1"]
[WhiteElo "1410"]
[BlackElo "2193"]
[PlyCount "78"]
[EventDate "2015.06.11"]
[EventType "team-swiss"]
[EventRounds "6"]
[EventCountry "ESP"]
[SourceTitle "EXT 2024"]
[Source "ChessBase"]
[SourceDate "2023.10.10"]
[SourceVersion "1"]
[SourceVersionDate "2023.10.10"]
[SourceQuality "1"]
[WhiteTeam "Tres W"]
[BlackTeam "Centro de Ajedrez de Lanzarote"]
[WhiteTeamCountry "ESP"]
[BlackTeamCountry "ESP"]

1. e4 Nc6 2. Nc3 e6 3. d4 d5 4. e5 f6 5. Bb5 Bd7 6. Bxc6 bxc6 7. Nf3 c5 8. Nh4 Qe7 9. Nf3 cxd4 10. Qxd4 c5 11. Qd3 Bc6 12. Qa6 Qb7 13. Qxb7 Bxb7 14. Nb5 Kf7 15. 0-0 a6 16. Nd6+ Bxd6 17. exd6 Rd8 18. b3 Rxd6 19. Re1 Ne7 20. Bb2 Ng6 21. Ba3 Rc8 22. Rac1 e5 23. b4 c4 24. c3 Nf4 25. Rb1 Rd7 26. Kf1 d4 27. cxd4 exd4 28. b5 axb5 29. Nxd4 Bxg2+ 30. Kg1 Rxd4 31. Re7+ Kg6 32. h3 Bxh3 33. Kh2 Rd5 34. Rg1+ Rg5 35. Rxg5+ fxg5 36. Bc1 Bf5 37. Bxf4 gxf4 38. Rb7 Rc5 39. f3 c3 0-1

[Event "Gran Canaria CupT"]
[Site "Gran Canaria"]
[Date "2011.06.03"]
[Round "4.1"]
[White "Morales Camacho, Julian"]
[Black "Brito Garcia, Alfredo"]
[Result "1/2-1/2"]
[WhiteElo "2209"]
[BlackElo "2340"]
[PlyCount "41"]
[EventDate "2011.06.02"]
[EventType "team-tourn"]
[EventRounds "7"]
[EventCountry "ESP"]
[SourceTitle "CBM 142 Extra"]
[Source "ChessBase"]
[SourceDate "2011.06.27"]
[SourceVersion "1"]
[SourceVersionDate "2011.06.27"]
[SourceQuality "1"]
[WhiteTeam "Sociedad Democracia"]
[BlackTeam "Victoria"]
[WhiteTeamCountry "ESP"]
[BlackTeamCountry "ESP"]

1. c4 d6 2. Nc3 Nd7 3. g3 g6 4. Bg2 Bg7 5. e4 e5 6. Nge2 Ne7 7. 0-0 0-0 8. d3 c6 9. h3 a6 10. Be3 b5 11. a3 Bb7 12. b4 f5 13. Qb3 Kh8 14. a4 Nf6 15. axb5 cxb5 16. cxb5 axb5 17. Rxa8 Bxa8 18. Ra1 Bc6 19. Ra7 Nc8 20. Ra6 Be8 21. Ra5 1/2-1/2

[Event "Gran Canaria CupT"]
[Site "Gran Canaria"]
[Date "2011.06.02"]
[Round "2.1"]
[White "Morales Camacho, Julian"]
[Black "Gehrmann, Rudolf Rainer"]
[Result "1/2-1/2"]
[WhiteElo "2209"]
[BlackElo "2073"]
[PlyCount "74"]
[EventDate "2011.06.02"]
[EventType "team-tourn"]
[EventRounds "7"]
[EventCountry "ESP"]
[SourceTitle "CBM 142 Extra"]
[Source "ChessBase"]
[SourceDate "2011.06.27"]
[SourceVersion "1"]
[SourceVersionDate "2011.06.27"]
[SourceQuality "1"]
[WhiteTeam "Sociedad Democracia"]
[BlackTeam "Havana"]
[WhiteTeamCountry "ESP"]
[BlackTeamCountry "ESP"]

1. c4 c5 2. e3 Nf6 3. Nf3 g6 4. a3 Nc6 5. Nc3 Bg7 6. Rb1 d5 7. cxd5 Nxd5 8. Qc2 0-0 9. Ne4 b6 10. b4 Bf5 11. bxc5 Rc8 12. d3 Na5 13. Bb2 Bxb2 14. Qxb2 bxc5 15. Qc2 Bxe4 16. dxe4 Nb6 17. Ba6 Rc7 18. 0-0 Qd6 19. Qc3 Nb7 20. Rfd1 Qe6 21. Bxb7 Rxb7 22. Qxc5 Qxe4 23. Rb4 Nd7 24. Qc3 Rxb4 25. axb4 Nb6 26. Ra1 Rc8 27. Qd4 Qxd4 28. Nxd4 Nd5 29. b5 Nc3 30. Nc6 Kf8 31. Nxa7 Rb8 32. Kf1 Rb7 33. Ra5 Rd7 34. f3 Rd1+ 35. Kf2 Rd2+ 36. Kg3 Rb2 37. Nc6 Rxb5 1/2-1/2

[Event "Vecindario Canarias op 4th"]
[Site "Vecindario"]
[Date "2010.07.25"]
[Round "9"]
[White "Majul Martinez, Isolina"]
[Black "Morales Camacho, Julian"]
[Result "0-1"]
[WhiteElo "2099"]
[BlackElo "2223"]
[PlyCount "106"]
[EventDate "2010.07.18"]
[EventType "swiss"]
[EventRounds "9"]
[EventCountry "ESP"]
[SourceTitle "CBM 137 Extra"]
[Source "ChessBase"]
[SourceDate "2010.09.01"]
[SourceVersion "1"]
[SourceVersionDate "2010.09.01"]
[SourceQuality "1"]

1. e4 e6 2. d4 d5 3. Nc3 Bb4 4. e5 b6 5. a3 Bf8 6. f4 a5 7. Qf3 Ne7 8. g4 Qd7 9. Be3 c6 10. Nge2 Na6 11. Bg2 Nc7 12. 0-0 h5 13. h3 g6 14. Ng3 Ba6 15. Rfd1 hxg4 16. hxg4 Ng8 17. Kf2 Be7 18. Rh1 Bh4 19. Rh3 0-0-0 20. Bf1 Bxg3+ 21. Qxg3 Rxh3 22. Bxa6+ Nxa6 23. Qxh3 c5 24. Qf1 Nc7 25. Rd1 c4 26. Qh3 Ne7 27. Qh7 Rf8 28. Rh1 Qe8 29. Qg7 Nc6 30. Rh7 Nb8 31. Kf3 Nd7 32. Bf2 Kb7 33. Bh4 Kc6 34. Bg5 b5 35. Nb1 b4 36. a4 Nb6 37. Bh6 Rg8 38. Qf6 Nxa4 39. Rxf7 Nxb2 40. Re7 Qc8 41. Rf7 c3 42. Qe7 Kb7 43. Qc5 Nc4 44. Bf8 Rxf8 45. Rxf8 Qd7 46. Rh8 Qb5 47. Qe7 Nd2+ 48. Nxd2 cxd2 49. Rh1 b3 50. Rb1 d1Q+ 51. Rxd1 bxc2 52. Rc1 Qd3+ 53. Kf2 Qd2+ 0-1

[Event "Vecindario Canarias op 4th"]
[Site "Vecindario"]
[Date "2010.07.24"]
[Round "8"]
[White "Morales Camacho, Julian"]
[Black "Sanchez Montesdeoca, Isaac"]
[Result "1-0"]
[WhiteElo "2223"]
[BlackElo "1705"]
[PlyCount "83"]
[EventDate "2010.07.18"]
[EventType "swiss"]
[EventRounds "9"]
[EventCountry "ESP"]
[SourceTitle "CBM 137 Extra"]
[Source "ChessBase"]
[SourceDate "2010.09.01"]
[SourceVersion "1"]
[SourceVersionDate "2010.09.01"]
[SourceQuality "1"]

1. c4 g6 2. Nc3 Nf6 3. e4 d6 4. d4 Bg7 5. Bd3 Nc6 6. Nge2 0-0 7. f3 e5 8. d5 Ne7 9. Be3 Nh5 10. g4 Nf6 11. Ng3 Bd7 12. h3 c6 13. Qd2 b5 14. g5 Ne8 15. cxb5 cxd5 16. exd5 f5 17. f4 Nc7 18. Nge2 Qe8 19. a4 Kh8 20. Bc4 Nc8 21. Kf2 Nb6 22. b3 Qe7 23. a5 Nxc4 24. bxc4 h6 25. h4 Rfe8 26. Rab1 Kg8 27. c5 Reb8 28. c6 Bc8 29. Rhc1 Kh7 30. b6 axb6 31. axb6 Ba6 32. b7 Bxb7 33. cxb7 Ra3 34. Qb2 exf4 35. Bxf4 Rxc3 36. Nxc3 Bd4+ 37. Kg3 hxg5 38. hxg5 Be5 39. Bxe5 Qxe5+ 40. Kg2 Nxd5 41. Nxd5 Qxd5+ 42. Kf2 1-0

[Event "Santa Cruz Cup-chT"]
[Site "Santa Cruz"]
[Date "2010.05.29"]
[Round "5"]
[White "Morales Camacho, Julian"]
[Black "Nortes Hernandez, Pedro Manuel"]
[Result "1-0"]
[WhiteElo "2206"]
[BlackElo "1943"]
[PlyCount "94"]
[EventDate "2010.05.26"]
[EventType "team"]
[EventRounds "7"]
[EventCountry "ESP"]
[SourceTitle "CBM 136 Extra"]
[Source "ChessBase"]
[SourceDate "2010.07.02"]
[SourceVersion "2"]
[SourceVersionDate "2010.07.15"]
[SourceQuality "1"]
[WhiteTeam "Lanzarote La Democracia"]
[BlackTeam "Cajacanarias"]
[WhiteTeamCountry "ESP"]
[BlackTeamCountry "ESP"]

1. c4 e5 2. e3 Nc6 3. a3 Nf6 4. Qc2 Be7 5. d3 0-0 6. Nf3 d5 7. cxd5 Nxd5 8. b4 a6 9. Bb2 Bd6 10. Nbd2 Re8 11. Be2 Qf6 12. h4 h6 13. h5 Qe7 14. Rc1 Bd7 15. Ne4 Rad8 16. Nc5 Rb8 17. Nxd7 Qxd7 18. Nd2 Be7 19. Ne4 Rbd8 20. Nc5 Bxc5 21. Qxc5 Qe6 22. Rh4 f5 23. g3 Nb6 24. Qc2 Nd5 25. Rc4 Rd6 26. Rc5 Kh8 27. b5 axb5 28. Rxb5 b6 29. Bf3 e4 30. dxe4 fxe4 31. Be2 Rf8 32. Rd1 Qf5 33. Bc4 Nce7 34. Qe2 c6 35. g4 Qd7 36. Rb3 b5 37. Bxd5 Rxd5 38. Rxd5 Nxd5 39. Bd4 Rf3 40. g5 Nf4 41. Qb2 Qg4 42. exf4 Rxf4 43. Rg3 Qxh5 44. gxh6 Rf7 45. hxg7+ Kg8 46. Qc3 Qh1+ 47. Kd2 Qh6+ 1-0

[Event "Santa Cruz Cup-chT"]
[Site "Santa Cruz"]
[Date "2010.05.27"]
[Round "2"]
[White "Morales Camacho, Julian"]
[Black "Lopez Pereyra, Antonio"]
[Result "1-0"]
[WhiteElo "2206"]
[BlackElo "2048"]
[PlyCount "57"]
[EventDate "2010.05.26"]
[EventType "team"]
[EventRounds "7"]
[EventCountry "ESP"]
[SourceTitle "CBM 136 Extra"]
[Source "ChessBase"]
[SourceDate "2010.07.02"]
[SourceVersion "2"]
[SourceVersionDate "2010.07.15"]
[SourceQuality "1"]
[WhiteTeam "Lanzarote La Democracia"]
[BlackTeam "Ebano Casa Venezuela"]
[WhiteTeamCountry "ESP"]
[BlackTeamCountry "ESP"]

1. b3 e6 2. Bb2 f5 3. e4 Nf6 4. exf5 exf5 5. Qe2+ Kf7 6. Nf3 Bd6 7. Qc4+ Kf8 8. Bd3 Qe7+ 9. Kf1 Ne4 10. Qd5 Nc5 11. Qxf5+ Ke8 12. Nc3 c6 13. Re1 Ne6 14. Ne4 Bc7 15. Neg5 Bb6 16. Qg4 h5 17. Bg6+ Kd8 18. Qe4 Rf8 19. Nxe6+ dxe6 20. d4 Na6 21. Bc1 Qd6 22. c4 c5 23. Bg5+ Kc7 24. Bh4 e5 25. Bg3 Rf4 26. dxe5 Qe6 27. Bxf4 Bd7 28. Ng5 Qg4 29. e6+ 1-0

[Event "Gran Canaria Montalvo Memorial 3rd"]
[Site "Gran Canaria"]
[Date "2010.04.02"]
[Round "6"]
[White "Capote Robayna, Nathaniel"]
[Black "Morales Camacho, Julian"]
[Result "0-1"]
[WhiteElo "1933"]
[BlackElo "2240"]
[PlyCount "118"]
[EventDate "2010.03.29"]
[EventType "swiss"]
[EventRounds "9"]
[EventCountry "ESP"]
[SourceTitle "CBM 135 Extra"]
[Source "ChessBase"]
[SourceDate "2010.05.04"]
[SourceVersion "1"]
[SourceVersionDate "2010.05.04"]
[SourceQuality "1"]

1. d4 Nf6 2. c4 e6 3. Nc3 d5 4. cxd5 exd5 5. Bg5 Nbd7 6. e3 Be7 7. Bd3 c6 8. Nge2 0-0 9. Qc2 Re8 10. 0-0 Nf8 11. Rae1 Nh5 12. Bxe7 Rxe7 13. Nd1 g6 14. f3 Ne6 15. Ndc3 b6 16. Qd2 Bb7 17. Bc2 c5 18. Rd1 Nf6 19. Bb3 Nc7 20. Nf4 Rd7 21. Ba4 Re7 22. Nd3 Qd6 23. Nb5 Nxb5 24. Bxb5 c4 25. Ne5 a6 26. Ba4 b5 27. Bc2 Nd7 28. f4 Rae8 29. Rf3 f6 30. Ng4 h5 31. Nh6+ Kh7 32. Rg3 Re4 33. Nf7 Qe7 34. Bxe4 dxe4 35. Ng5+ fxg5 36. Rxg5 Qf6 37. Qf2 Nb6 38. Qh4 Nd5 39. Re1 Re7 40. g4 Kg8 41. f5 Rg7 42. fxg6 Rxg6 43. Rxg6+ Qxg6 44. Qxh5 Qxh5 45. gxh5 b4 46. Kf2 c3 47. bxc3 Nxc3 48. Rg1+ Kh7 49. Rg6 a5 50. Rb6 Bd5 51. Ra6 a4 52. Rb6 Nxa2 53. Ke2 a3 54. Kd2 Bc4 55. Rc6 Bb3 56. Rb6 Nc3 57. Rxb4 a2 58. Rb7+ Kh6 59. Ra7 Na4 0-1